000 00497nam a2200181Ia 4500
003 GCL
008 140319s9999 xx 000 0 ara d
040 _aGCL /
_cGCL
082 0 4 _a649.1
_bا ا
100 1 _aاحمد السعيد يونس
245 1 0 _aاسرار الطفولة /
_cاحمد السعيد يونس
490 _aكتاب
_v0
650 0 4 _aالرعاية الصحية
650 0 4 _aالاطفال
650 0 4 _aعلم النفس
650 0 4 _aالرعاية
942 _2ddc
_cBK
999 _c42593
_d42593